La Agenda de gobierno para el período 1994-1995: Guatemala
Shranjeno v:
| Format: | Texto |
|---|---|
| Oznake: |
Označite
Brez oznak, prvi označite!
|
MARC
| LEADER | 00000 a a2200000 04500 | ||
|---|---|---|---|
| 001 | 14069 | ||
| 003 | |||
| 040 | |||
| 245 | |a La Agenda de gobierno para el período 1994-1995: |b Guatemala | ||
| 773 | |g número 28 -29; páginas 271-280 | ||
| 999 | |c 32494 |d 32494 | ||
